Country flags that have the colour red in them Quiz Stats

 Plays Quiz not verified by Sporcle

Support Sporcle.
Go Orange.
Score 0/8 Timer 01:00
7 Plays Today
% Correct
Japan
95.7%
France
94.5%
Switzerland
90.9%
Austria
83.7%
Belgium
81.9%
Croatia
79.9%
Morocco
78.9%
Netherlands
67.9%

You're not logged in!

Compare scores with friends on all Sporcle quizzes.
OR
Log In

From the Vault

30 Facts That Start with 'O'

by QuizzleMyShizzle

If you were looking for 30 outstanding facts, you've come to the right place.
Remove Ads.
Support Sporcle.
Get the best of Sporcle when you Go Orange. This ad-free experience offers more features, more stats, and more fun while also helping to support Sporcle. Thank you for becoming a member.

Show Comments

Extras

Created Apr 13, 2021ReportNominate
Tags:Clickable Quiz, Country Quiz, Red

Top Quizzes Today


Score Distribution

Your Account Isn't Verified!

In order to create a playlist on Sporcle, you need to verify the email address you used during registration. Go to your Sporcle Settings to finish the process.

Report this User

Report this user for behavior that violates our Community Guidelines.

Details: